000 00990nam a2200289 a 4500
001 863
003 BR-CuiBMT
005 20231129163316.0
008 231121s2008 mgb 000 0 por d
020 _a9788577001323
040 _aBR-CuiBMT
_cBR-CuiBMT
080 _a349.6:504
_22007
090 _a349.6:504
_bV991i
100 1 0 _aVulcanis, Andréa
245 _aInstrumentos de promoção ambiental e o dever de indenizar atribuído ao Estado /
_cAndréa Vulcanis.
260 _aBelo Horizonte :
_bFórum,
_c2008.
300 _a261 p. ;
_c22 cm
504 _aInclui bibliografia.
650 _aProteção ambiental
_zBrasil
650 _aDireito de propriedade
_xAspectos ambientais
_zBrasil
650 _a Meio ambiente
_xAspectos jurídicos
_zBrasil
650 _aPolítica ambiental
_zBrasil
650 _aPropriedade
_vAspectos sociais
_zBrasil
650 _aResponsabilidade do Estado
_zBrasil
650 _aÁreas de conservação de recursos naturais
_zBrasil
942 _2udc
_cLV
999 _c863
_d863